Jaká bude cesta komunikace v roce 2022? Digitální s důrazem na image a brand

Nárast využívania služieb online bankovníctva v Českej republike. Mladá generácia a využívanie smart bankovníctva. Budúcnosť kamenných pobočiek bánk v súvislosti s digitalizáciou komunikácie bánk s klientom.

Guardado en:
Detalles Bibliográficos
Autor principal: Sobková, Martina
Formato: Capítulo de libro
Lenguaje:checo
Materias:
Etiquetas: Agregar Etiqueta
Sin Etiquetas, Sea el primero en etiquetar este registro!

MARC

LEADER 00000naa a2200000 4500
001 0282436
005 20240417075156.9
041 0 |a cze 
044 |a CZ 
245 1 0 |a Jaká bude cesta komunikace v roce 2022? Digitální s důrazem na image a brand  |c Martina Sobková 
520 |a Nárast využívania služieb online bankovníctva v Českej republike. Mladá generácia a využívanie smart bankovníctva. Budúcnosť kamenných pobočiek bánk v súvislosti s digitalizáciou komunikácie bánk s klientom. 
610 2 0 |a trh finančný 
610 2 0 |a bankovníctvo elektronické 
610 2 0 |a zákazníci 
610 2 0 |a komunikácia marketingová 
610 2 0 |a budovanie značky 
610 2 0 |a Česko 
100 1 |a Sobková, Martina